| 000 | 01213pam a22003014a 4500 | ||
|---|---|---|---|
| 001 | 13483595 | ||
| 003 | ARRUPE | ||
| 005 | 20141015020006.0 | ||
| 008 | 040206s2005 enk b 001 0 eng | ||
| 010 | _a 2004043890 | ||
| 020 | _a0195138090 (acidfree paper) | ||
| 035 | _a(OCoLC)ocm54542845 | ||
| 040 |
_aDLC _cDLC _dYDX _dDLC |
||
| 042 | _apcc | ||
| 050 | 0 | 0 |
_aBL51 _b.O94 2005 |
| 245 | 0 | 4 |
_aThe Oxford handbook of philosophy of religion / _cedited by William J. Wainwright. |
| 260 |
_aOxford ; _aNew York : _bOxford University Press, _c2005. |
||
| 300 |
_ax, 550 p. ; _c26 cm. |
||
| 440 | 0 |
_aOxford handbooks in philosophy _93980 |
|
| 504 | _aIncludes bibliographical references and index. | ||
| 650 | 0 |
_aReligion _xPhilosophy. _93981 |
|
| 700 | 1 |
_aWainwright, William J. _93982 |
|
| 856 | 4 | 2 |
_3Publisher description _uhttp://www.loc.gov/catdir/enhancements/fy0617/2004043890-d.html |
| 856 | 4 | 2 |
_3Contributor biographical information _uhttp://www.loc.gov/catdir/enhancements/fy0724/2004043890-b.html |
| 906 |
_a7 _bcbc _corignew _d1 _eocip _f20 _gy-gencatlg |
||
| 942 |
_2lcc _cMONOGRAPH _03 |
||
| 999 |
_c118721 _d118721 |
||